Top 15 fastest players in NFL history - Statistics

General Stats
  • This quiz has been taken 38 times
  • The average score is 3 of 15
Answer Stats
Position Speed time (Seconds) Year Answer % Correct
WR 4.21 2024 Xavier Worthy
97%
RB 4.24 2008 Chris Johnson
67%
WR 4.22 2017 John Ross III
58%
CB 4.26 2022 Tariq Woolen
24%
WR 4.27 2020 Henry Ruggs III
12%
CB 4.28 2024 Nate Wiggins
12%
RB 4.26 2014 Dri Archer
9%
CB 4.26 2023 DJ Turner II
6%
WR 4.28 2010 Jacoby Ford
3%
CB 4.28 2017 Jalen Myrick
3%
WR 4.28 2015 J.J. Nelson
3%
CB 4.23 2022 Kalon Barnes
3%
WR 4.27 2010 Marquise Goodwin
3%
WR 4.28 2022 Tyquan Thornton
3%
S 4.29 2019 Zedrick Woods
0%
No matching quizzes found
Score Distribution
Percent of People with Each Score
Percentile by Number Answered
Your Score History
You have not taken this quiz